Propuesta metodológica para la enseñanza de lenguas extranjeras

Pohľad na účinné metódy, ktoré možno zaviesť do výučby jazykov s cieľom zmobilizovať príslušné vzdelávanie u študentov.

Na minha lista:
Detalhes bibliográficos
Autor principal: Medina, Maria Jose Latorre
Formato: Capítulo de Livro
Idioma:espanhol
Assuntos:
Tags: Adicionar Tag
Sem tags, seja o primeiro a adicionar uma tag!

MARC

LEADER 00000naa a2200000 4500
001 0183333
005 20221020085506.5
041 0 |a spa 
044 |a SK 
245 1 0 |a Propuesta metodológica para la enseñanza de lenguas extranjeras  |c Maria Jose Latorre Medina 
520 |a Pohľad na účinné metódy, ktoré možno zaviesť do výučby jazykov s cieľom zmobilizovať príslušné vzdelávanie u študentov. 
610 2 0 |a jazyky cudzie 
610 2 0 |a výučba vedecká 
610 2 0 |a španielčina 
100 1 |a Medina, Maria Jose Latorre